| 000 | 01198nam a22002777a 4500 | ||
|---|---|---|---|
| 001 | TZ 0019 | ||
| 003 | gtcocun | ||
| 005 | 20250926195456.0 | ||
| 006 | a||||gr|||| 00| 0 | ||
| 007 | ta | ||
| 008 | 250926b2002 gt ||||| m||| 00| 0 eng d | ||
| 040 |
_agtcocun _bSPA _cgtcocun _eRDA |
||
| 041 | _aSPA TZ 0019 | ||
| 084 | _0TZ 0019 | ||
| 100 |
_aQuiroa Roldán, Mauricio Arturo _eAutor |
||
| 245 |
_aIDENTIFICACIÓN TAXÓNOMICA DE LAS ESPECIES ICTIAS DE LOS RÍOS POLOCHIC Y CAHABÓN, DE LA VERTIENTE DEL ATLANTICO GUATEMALTECO./ _cMauricio Arturo Quiroa Roldán. _hImpreso |
||
| 264 |
_aCobán, Alta Verapaz: _bUniversidad de San Carlos de Guatemala, Centro Universitario del Norte, |
||
| 300 |
_a48 p.: _bIlustraciones, gráficas. _c28 cm; |
||
| 502 | _eTZ 0019 | ||
| 502 |
_aTesis de grado _bZootecnia, _cUniversidad de San Carlos de Guatemala, Centro Universitario del Norte, Zootecnia _d2001 _oTZ 0019 |
||
| 650 |
_2LEMB _aIzabal y Alta Verapaz. _xZootecnia _xVertiente _xTransectos _xTaxónomica _xIctias _xAcuícolas |
||
| 700 | _eAsesor | ||
| 856 |
_uSin archivo en línea. _zSin archivo en línea. |
||
| 942 |
_2ddc _cTES _iTZ 0019 _kClasificación _n0 _6TZ_0019_000000000000000 |
||
| 999 |
_c2167 _d2167 |
||